NFL Players Who Went to Alabama - Statistics

General Stats
  • This quiz has been taken 133 times
  • The average score is 9 of 18
Answers on the Grid
Answers color-coded by a green-red scale on the quiz's grid according to % correct below.
A'Shawn Robinson
Damar Hamlin
Will Anderson Jr.
Minkah Fitzpatrick
Jahmyr Gibbs
Brian Robinson Jr.
Devonta Smith
Mac Jones
Will Reichard
Calvin Ridley
Irv Smith Jr.
Quinnien Williams
Henry To'oTo'o
Xavier McKinney
Kool-Aid McKinstry
Derrick Henry
Brian Branch
Jonathan Allen
Bradley Bozeman
Orlando Brown Jr.
Xavier Hutchinson
George Pickens
Darius Slayton
A.J. Brown
Chris Boswell
Russell Wilson
Tytus Howard
Tank Bigsby
Brandin Cooks
Mekhi Becton
Patrick Queen
Danielle Hunter
Courtland Sutton
Jadeveon Clowney
Alexander Mattison
Kyle Van Noy
 
Answer Stats
Answer % Correct
Derrick Henry
70%
Devonta Smith
70%
Mac Jones
67%
Will Anderson Jr.
66%
Calvin Ridley
62%
Jahmyr Gibbs
62%
Minkah Fitzpatrick
62%
Kool-Aid McKinstry
59%
Quinnien Williams
52%
Brian Branch
51%
Brian Robinson Jr.
48%
Xavier McKinney
46%
Henry To'oTo'o
39%
Jonathan Allen
38%
Will Reichard
33%
Irv Smith Jr.
31%
A'Shawn Robinson
26%
Bradley Bozeman
23%
No matching quizzes found
Score Distribution
Percent of People with Each Score
Percentile by Number Answered
Your Score History
You have not taken this quiz